Poskytovanie príspevku na stravovanie zamestnancov

Sledovanie nákladov zamestnávateľa XXX, s.r.o. na stravné zamestnancom. Právna úprava: zákon č. 595/2003 Z. z. o dani z príjmov..., zákon č. 311/2001 Z. z. Zákonník práce..., Opatrenie MPSVR SR č. 615/2005 Z. z..., zákon č. 222/2004 Z. z. Zamestnanci. Miesto stravovania. Výška príspevku zamestnávate...

Ausführliche Beschreibung

Gespeichert in:
Bibliographische Detailangaben
1. Verfasser: Vépyová, Mária
Format: Buchkapitel
Sprache:Slowakisch
Schlagworte:
Tags: Tag hinzufügen
Keine Tags, Fügen Sie das erste Tag hinzu!

MARC

LEADER 00000nla$a2200000$$$4500
001 0084714
005 20240502071946.9
041 0 |a slo 
044 |a SK 
245 1 0 |a Poskytovanie príspevku na stravovanie zamestnancov  |c Mária Vépyová 
520 |a Sledovanie nákladov zamestnávateľa XXX, s.r.o. na stravné zamestnancom. Právna úprava: zákon č. 595/2003 Z. z. o dani z príjmov..., zákon č. 311/2001 Z. z. Zákonník práce..., Opatrenie MPSVR SR č. 615/2005 Z. z..., zákon č. 222/2004 Z. z. Zamestnanci. Miesto stravovania. Výška príspevku zamestnávateľa XXX, s.r.o. 
610 2 0 |a stravovanie zamestnancov 
610 2 0 |a zamestnanci 
610 2 0 |a legislatíva 
610 2 0 |a účtovanie 
100 1 |a Vépyová, Mária